Les brésiliens passés par le PSG - Statistiques

Statistiques générales
  • Ce quiz a été pris 211 fois
  • Le résultat moyen est 9 sur 34
Statistiques - réponses
Passage (Poste) Réponse % Correct
2013- (DEF) Marquinhos
93%
2017-2023 (ATT) Neymar
92%
2012-2020 (DEF) Thiago Silva
86%
2012-2018 (ATT) Lucas Moura
70%
2001-2003 (MIL) Ronaldinho
70%
2014-2016 (DEF) David Luiz
66%
1993-1998 (MIL) Rai
58%
2012-2017 (DEF) Maxwell
57%
2012-2014 (DEF) Alex
52%
2010-2012 (MIL) Nene
47%
2024- (DEF) Lucas Beraldo
46%
2017-2019 (DEF) Daniel Alves
36%
2020-2022 (MIL) Rafinha
35%
2024- (MIL) Gabriel Moscardo
26%
1996-1997 (MIL) Leonardo
17%
1991-1995 (DEF) Ricardo
16%
2000-2001 (MIL) Vampeta
10%
2007-2012 (DEF) Marcos Ceara
9%
2002-2007 (DEF) Paulo Cesar
9%
1999-2001 (ATT) Christian
7%
2008-2012 (ATT) Everton Santos
7%
1991-1992 (DEF) Geraldao
5%
2001-2005 (ATT) Reinaldo
5%
1979-1981 (DEF) Abel
4%
1998-1999 (ATT) Adailton
4%
2002-2003 (MIL) Andre Luiz
4%
1997-1998 (MIL) Edmilson
4%
2001-2002 (ATT) Alex Dias
3%
1973-1974 (ATT) Armando Monteiro
2%
1991-1995 (MIL) Candido Valdo
2%
1971-1972 (DEF) Joel Camargo
2%
2001-2003 (ATT) José Aloisio
2%
2007-2008 (MIL) William Souza
2%
1999-2000 (DEF) Cesar Belli
1%
Aucun quiz correspondant
Distribution des résultats
% des personnes avec chaque résultat
Percentile par nombre de réponses
Votre historique - résultats
Vous n’avez pas pris ce quiz